| 000 | 00969nam a22002657a 4500 | ||
|---|---|---|---|
| 005 | 20170123162304.0 | ||
| 010 | _aB-097948 | ||
| 020 |
_c175.00 _a818223039 |
||
| 035 | _aB-097948 | ||
| 037 | _bCen Lib/Ret | ||
| 040 |
_aDPL _bUR |
||
| 082 |
_aن _bن زر |
||
| 100 |
_aنظر سججاد حیدر _9107741 |
||
| 245 |
_aجانباز ثُریاّ / _cنظر سججاد حیدر مرتبہ قرّتول این حیدر |
||
| 246 |
_aJanbaz surayya / _bby Nazeer Sajjad Haidar ; murattab Qurratul-ain-Haidar |
||
| 260 |
_aدہلی _bایجوکیشنل پبلشنگ ہاؤس _c2004 |
||
| 270 |
_a٣١٠٨، وکیل سٹریٹ، کچہ چلن لال کون _bدہلی _e110006 |
||
| 300 |
_a451-665p. _c21cm(Hb) |
||
| 650 |
_aاردو ادب _9134673 |
||
| 650 |
_aاردو ناول _9134674 |
||
| 650 |
_aUrdu literature _9134675 |
||
| 650 |
_aUrdu novel _9134676 |
||
| 700 |
_aقرّتول این حیدر _9134677 |
||
| 942 |
_2ddc _cUR _hن _mن زر |
||
| 999 |
_c106183 _d106183 |
||